Normal view
MARC view
Entry Personal Name
001 - CONTROL NUMBER
- control field: 48719
003 - CONTROL NUMBER IDENTIFIER
- control field: OSt
005 - DATE AND TIME OF LATEST TRANSACTION
- control field: 20241113150610.0
008 - FIXED-LENGTH DATA ELEMENTS
- fixed length control field: 241113|| aca||aabn | a|a d
040 ## - CATALOGING SOURCE
- Original cataloging agency: OSt
- Transcribing agency: OSt
100 ## - HEADING--PERSONAL NAME
- Personal name: Zurnić, Marija.
- Relator term: author.
670 ## - SOURCE DATA FOUND
- Source citation: Work cat.: (OSt)0: Zurnić, Marija. author., Corruption and Democratic Transition in Eastern Europe :, 2014
